| 000 | 01142nam a2200349 a 4500 | ||
|---|---|---|---|
| 001 | 1205438 | ||
| 003 | OSt | ||
| 005 | 20230620160746.0 | ||
| 008 | 980512s1996 enk r 001 0 eng d | ||
| 010 | _a 98149565 | ||
| 015 | _aGB97-6935 | ||
| 020 | _a1860670296 | ||
| 035 | _a(OCoLC)36387651 | ||
| 040 |
_aUk _cUk _dOrU _dDLC |
||
| 042 | _alccopycat | ||
| 082 | 0 | 0 |
_a324.2 _bDAY |
| 100 | 1 |
_aDay, Alan J. _q(Alan John) |
|
| 245 | 1 | 0 | _aPolitical parties of the world. |
| 250 |
_a4th ed. / _bcompiled and edited by Alan J. Day, Richard German, and John Campbell ; contributing editor, Ciarán Ó Maoláin. |
||
| 260 |
_aLondon : _bCartermill ; _aNew York : _bStockton Press, _c1996. |
||
| 300 |
_aix, 683 p. ; _c26 cm. |
||
| 500 | _aPrevious ed.: 1988. | ||
| 500 | _aIncludes index. | ||
| 650 | 0 |
_aPolitical parties _xDirectories. |
|
| 700 | 1 | _aGerman, Richard. | |
| 700 | 1 |
_aCampbell, John _q(John R. E.) |
|
| 700 | 1 | _aÓ Maoláin, Ciarán. | |
| 906 |
_a7 _bcbc _ccopycat _d3 _encip _f19 _gy-gencatlg |
||
| 942 |
_2ddc _cBK |
||
| 999 |
_c1905 _d1905 |
||